000 00323nam a2200097Ia 4500
008 220120s9999||||xx |||||||||||||| ||und||
100 _aAnitha A.P, Manasa and MythiliPriya
_912427
245 0 _aMultiview image compression
260 _aCoorg Institute of Technology
_bPonnampet
_c2012
650 _aELECTRONICS AND COMMUNICATIONS
999 _c138014
_d138014